=LDR 00000nam 2200000 4500 =001 INLIS000000000037316 =005 20130612143042 =008 ***********************************Ind** =035 ##$$0010-061300000037316 =041 ##$$a Ind =082 ##$$a 646.72 =090 ##$$a 646.72, Tip t =245 ##$$a Tip dan trik 01, Kamus pintar dasar make-up =260 ##$$a 2009 $b Jakarta =300 ##$$a 48 hl,., Ilus., 21 cm =650 ##$$a Tata Rias Wajah =850 ##$$a NBPNMAT